Instructional media and creativity (Record no. 20524)
[ view plain ]
| 000 -LEADER | |
|---|---|
| fixed length control field | 00605nam a22001577a 4500 |
| 008 - FIXED-LENGTH DATA ELEMENTS--GENERAL INFORMATION | |
| fixed length control field | 230418b |||||||| |||| 00| 0 eng d |
| 040 ## - CATALOGING SOURCE | |
| Original cataloging agency | National Science Library |
| Transcribing agency | National Science Library |
| 080 ## - UNIVERSAL DECIMAL CLASSIFICATION NUMBER | |
| Universal Decimal Classification number | 371.3 |
| Item number | K6 |
| 245 ## - TITLE STATEMENT | |
| Title | Instructional media and creativity |
| Statement of responsibility, etc. | /John Wiley and Sons, Inc., The proceedings of the sixth utah creativity research conference held at Torrey Pines Inn, La Jolla, California |
| 260 ## - PUBLICATION, DISTRIBUTION, ETC. | |
| Place of publication, distribution, etc. | New York: |
| Name of publisher, distributor, etc. | John Wiley and Sons, Inc., |
| Date of publication, distribution, etc. | 1966 |
| 300 ## - PHYSICAL DESCRIPTION | |
| Extent | xxii, 397p. |
| 650 ## - SUBJECT ADDED ENTRY--TOPICAL TERM | |
| Topical term or geographic name entry element | Instructional media |
| 653 ## - INDEX TERM--UNCONTROLLED | |
| Uncontrolled term | Psychologists |
| 653 ## - INDEX TERM--UNCONTROLLED | |
| Uncontrolled term | Researchers |
| 942 ## - ADDED ENTRY ELEMENTS (KOHA) | |
| Source of classification or shelving scheme | Universal Decimal Classification |
| Koha item type | Books |
| Withdrawn status | Lost status | Source of classification or shelving scheme | Damaged status | Not for loan | Home library | Current library | Shelving location | Date acquired | Total Checkouts | Full call number | Barcode | Date last seen | Price effective from | Koha item type |
|---|---|---|---|---|---|---|---|---|---|---|---|---|---|---|
| Universal Decimal Classification | National Science Library | National Science Library | GF/Rk-5/C-12/R-5 | 06/12/1966 | 371.3 K6 | 19229 | 18/04/2023 | 06/12/1966 | Books |